[Event "FRA-chT4 1011"]
[Site "Champagne Ardennes"]
[Date "2011.02.06"]
[Round "5"]
[White "Delias, Gerard"]
[Black "Thyes, Romuald"]
[Result "1-0"]
[WhiteElo "1580"]
[BlackElo "1920"]
[PlyCount "89"]
[EventDate "2010.10.10"]
[EventType "team-tourn"]
[EventRounds "7"]
[EventCountry "FRA"]
[SourceTitle "EXT 2024"]
[Source "ChessBase"]
[SourceDate "2023.10.10"]
[SourceVersion "1"]
[SourceVersionDate "2023.10.10"]
[SourceQuality "1"]

1. c4 c5 2. Nf3 Nf6 3. d4 cxd4 4. Nxd4 d5 5. cxd5 Nxd5 6. e4 Nb6 7. Bb5+ Bd7 8. 0-0 e5 9. Bxd7+ N8xd7 10. Nb5 Bc5 11. Nd6+ Bxd6 12. Qxd6 Qe7 13. Qxe7+ Kxe7 14. Bd2 Rhc8 15. Na3 a6 16. Rac1 Rxc1 17. Rxc1 Rc8 18. Rxc8 Nxc8 19. Nc4 Ncb6 20. Na5 Na4 21. b3 Nac5 22. Bb4 b6 23. Nb7 Ke6 24. Bxc5 Nxc5 25. Nxc5+ bxc5 26. Kf1 Kd6 27. Ke2 Kc6 28. Kd3 Kb5 29. Kc3 g6 30. f3 f5 31. g3 fxe4 32. fxe4 h5 33. h4 Kc6 34. Kc4 Kd6 35. a3 Kc6 36. b4 cxb4 37. axb4 Kd6 38. b5 axb5+ 39. Kxb5 Kd7 40. Kc5 Ke6 41. Kc6 Ke7 42. Kd5 Kf6 43. Kd6 g5 44. Kd5 g4 45. Kd6 1-0

[Event "FRA-chT4 0506"]
[Site "France"]
[Date "2006.02.05"]
[Round "5"]
[White "Bultel, Bruno"]
[Black "Thyes, Romuald"]
[Result "1-0"]
[WhiteElo "1930"]
[BlackElo "1950"]
[PlyCount "101"]
[EventDate "2005.10.02"]
[EventType "team"]
[EventRounds "9"]
[EventCountry "FRA"]
[SourceTitle "EXT 2007"]
[Source "ChessBase"]
[SourceDate "2006.11.23"]
[SourceVersion "1"]
[SourceVersionDate "2006.11.23"]
[SourceQuality "1"]

1. e4 e5 2. Bc4 Nf6 3. Nc3 Bc5 4. Nf3 d6 5. 0-0 Bg4 6. h3 Bh5 7. g4 Nxg4 8. hxg4 Bxg4 9. Be2 h5 10. d3 c6 11. Na4 Nd7 12. Nxc5 Nxc5 13. Bg5 Qd7 14. Nh2 Bh3 15. Re1 Ne6 16. Be3 Qe7 17. Bf1 Qh4 18. Bxh3 Qxh3 19. Qf3 Qh4 20. Kh1 Ke7 21. Rg1 g5 22. Qg3 Qxg3 23. fxg3 g4 24. Raf1 a6 25. Rf5 Raf8 26. Bg5+ f6 27. Bh4 Ng7 28. Rf2 Ke6 29. Re1 b6 30. Kg2 Ne8 31. Nf1 Nc7 32. Ne3 Rh7 33. Ref1 Ne8 34. c4 Rhf7 35. Nf5 Rb7 36. b4 Rbf7 37. Rc2 Rc7 38. Rfc1 Rcf7 39. c5 dxc5 40. bxc5 b5 41. Kf2 Rd7 42. Ke3 Ng7 43. Rf2 Ne8 44. Kd2 a5 45. Kc3 Nc7 46. Rcf1 Ne8 47. Nd6 Nxd6 48. Rxf6+ Rxf6 49. Rxf6+ Ke7 50. Rxd6+ Ke8 51. Rxc6 1-0

[Event "FRA-chT4 0304"]
[Site "Champagne Ardenne"]
[Date "2004.02.01"]
[Round "5"]
[White "Langlois, Teddy"]
[Black "Thyes, Romuald"]
[Result "0-1"]
[WhiteElo "1840"]
[BlackElo "2000"]
[PlyCount "62"]
[EventDate "2003.10.??"]
[EventRounds "6"]
[EventCountry "FRA"]
[SourceTitle "EXT 2005"]
[Source "ChessBase"]
[SourceDate "2004.11.15"]
[SourceVersion "1"]
[SourceVersionDate "2004.11.15"]
[SourceQuality "1"]

1. e4 e5 2. Nf3 Nc6 3. Bb5 d6 4. d4 Bd7 5. 0-0 exd4 6. Nxd4 Ne5 7. Bxd7+ Qxd7 8. b3 Nf6 9. Nd2 Be7 10. Bb2 0-0-0 11. Qe2 h5 12. N2f3 Qg4 13. Rfe1 Nfd7 14. Rad1 Bf6 15. c4 Rde8 16. h3 Qg6 17. Ba3 Nxf3+ 18. Qxf3 Be5 19. Bc1 Bxd4 20. Rxd4 Ne5 21. Qe2 Nc6 22. Rd3 f5 23. Re3 f4 24. Rc3 Nd4 25. Qf1 Rxe4 26. Kh1 Rhe8 27. Rxe4 Qxe4 28. Qd3 Qe1+ 29. Kh2 Qxf2 30. Qg6 Re7 31. Rd3 Re1 0-1

[Event "FRA-chT4 0203"]
[Site "Champagne Ardenne"]
[Date "2003.04.06"]
[Round "7"]
[White "Durant, Christophe"]
[Black "Thyes, Romuald"]
[Result "0-1"]
[WhiteElo "1890"]
[BlackElo "1890"]
[PlyCount "66"]
[EventDate "2002.10.02"]
[EventType "team"]
[EventRounds "7"]
[EventCountry "FRA"]
[SourceTitle "EXT 2005"]
[Source "ChessBase"]
[SourceDate "2004.11.15"]
[SourceVersion "1"]
[SourceVersionDate "2004.11.15"]
[SourceQuality "1"]

1. d4 Nf6 2. Nf3 d6 3. Bf4 g6 4. e3 Bg7 5. h3 c5 6. c3 cxd4 7. exd4 Bf5 8. Bd3 Bxd3 9. Qxd3 Qb6 10. Qc2 Nbd7 11. 0-0 Rc8 12. Re1 Nd5 13. Bg3 e6 14. Qb3 Qc6 15. Qa3 N7b6 16. Nbd2 Rd8 17. Ng5 Bh6 18. Ndf3 0-0 19. Ne4 Nc4 20. Qb3 a5 21. Rad1 b5 22. Nfd2 f5 23. Bh4 fxe4 24. Nxe4 Rd7 25. Bg5 Bxg5 26. Nxg5 Nf4 27. f3 d5 28. g3 h6 29. gxf4 hxg5 30. fxg5 Rxf3 31. Qc2 Ne3 32. Qxg6+ Rg7 33. Qh5 Rg3+ 0-1

[Event "FRA-chT4 0203"]
[Site "Champagne Ardenne"]
[Date "2002.10.13"]
[Round "1"]
[White "Pringolliet, Cyril"]
[Black "Thyes, Romuald"]
[Result "1/2-1/2"]
[WhiteElo "1930"]
[BlackElo "1910"]
[PlyCount "61"]
[EventDate "2002.10.02"]
[EventType "team"]
[EventRounds "7"]
[EventCountry "FRA"]
[SourceTitle "EXT 2005"]
[Source "ChessBase"]
[SourceDate "2004.11.15"]
[SourceVersion "1"]
[SourceVersionDate "2004.11.15"]
[SourceQuality "1"]

1. e4 e5 2. Bc4 Nf6 3. d4 Nxe4 4. dxe5 d5 5. Bxd5 Ng5 6. Bxg5 Qxg5 7. Nf3 Qg6 8. Nc3 Bb4 9. Qd4 Bxc3+ 10. Qxc3 c6 11. Bc4 Qe4+ 12. Be2 Bg4 13. h3 Bxf3 14. gxf3 Qf4 15. Rg1 Nd7 16. Rg4 Qh6 17. f4 0-0-0 18. 0-0-0 f5 19. Rg5 Rhe8 20. Rxf5 Qe6 21. Bg4 Qxa2 22. Qa3 Qxa3 23. bxa3 Re7 24. h4 Kc7 25. Bh3 g6 26. Rg5 Rf8 27. e6 Nf6 28. Re5 Nd5 29. f5 gxf5 30. Bxf5 Rfe8 31. c4 1/2-1/2

[Event "FRA-chT4 0001"]
[Site "Champagne Ardenne"]
[Date "2001.03.11"]
[Round "6"]
[White "Thyes, Romuald"]
[Black "Chartogne, Ludovic"]
[Result "1-0"]
[WhiteElo "1760"]
[BlackElo "1590"]
[PlyCount "87"]
[EventDate "2001.10.??"]
[EventType "team"]
[EventRounds "7"]
[EventCountry "FRA"]
[SourceTitle "EXT 2005"]
[Source "ChessBase"]
[SourceDate "2004.11.15"]
[SourceVersion "1"]
[SourceVersionDate "2004.11.15"]
[SourceQuality "1"]

1. e4 e5 2. Bc4 Nf6 3. d3 Bc5 4. Nf3 Nc6 5. Bg5 d6 6. c3 Bg4 7. Nbd2 Qd7 8. b4 Bb6 9. a4 a6 10. b5 axb5 11. axb5 Rxa1 12. Qxa1 Na7 13. h3 Bxf3 14. Nxf3 Nh5 15. 0-0 0-0 16. Qb2 Nf4 17. Bxf4 exf4 18. d4 Re8 19. Bd3 Re7 20. Rb1 Re6 21. Qd2 Rg6 22. e5 Rh6 23. Qxf4 dxe5 24. Nxe5 Qe7 25. Nc4 Rf6 26. Qh4 h6 27. Nxb6 cxb6 28. Ra1 Nc8 29. Qe4 Qxe4 30. Bxe4 Re6 31. f3 Nd6 32. Ra8+ Re8 33. Rxe8+ Nxe8 34. Bxb7 Nd6 35. Bc6 Kf8 36. Kf2 Ke7 37. Ke3 Nc8 38. c4 Nd6 39. c5 bxc5 40. dxc5 Nc8 41. b6 Nxb6 42. cxb6 Kd8 43. Ke4 f6 44. Kf5 1-0